MESTSKÁ KNIŽNICA GIRALTOVCE  - online katalóg 

(ne)obyčajný život farára (Record no. 23218)

000 -NÁVESTIE
fixed length control field 02447cam a2200673 4500
001 - EVIDENČNÉ ČÍSLO ZÁZNAMU - Kontrolné číslo
control field vtls011836571
005 - DÁTUM A ČAS POSLEDNEJ TRANSAKCIE
control field 20220427112157.0
008 - ÚDAJE S PEVNOU DĹŽKOU – VŠEOBECNÉ INFORMÁCIE
fixed length control field 210906s2018 xo oac grn 001 1dslo
020 ## - MEDZINÁRODNÉ ŠTANDARDNÉ ČÍSLO KNIHY (ISBN)
Medzinárodné štandardné číslo knihy (ISBN) 9788097291327
Qualifying information (brožované)
035 ## - Iný štandardný identifikátor
Iný štandardný identifikátor urn:nbn:sk:snk-am00fhgh
035 ## - Iný štandardný identifikátor
Iný štandardný identifikátor urn:nbn:sk:snk-am3iucg
035 ## - Iný štandardný identifikátor
Iný štandardný identifikátor F9AF5FAF-3ACB-488F-B9E2-ABF7F3B8DC7E
040 ## - ZDROJ KATALOGIZÁCIE
Pôvodná katalogizujúca agentúra ZKSE
Jazyk katalogizácie slo
Prepisujúca agentúra ZKSE
Modifikujúca agentúra SNK
Konvencie popisu rda
041 0# - KÓD JAZYKA
Kód jazyka textu/zvukovej stopy alebo samostatných nápisov slo
044 ## - KÓD KRAJINY VYDAVATEĽA/PRODUCENTA
Kód krajiny MARC xo
Kód krajiny ISO SK
072 #7 - KÓD PREDMETOVEJ KATEGÓRIE
Kód predmetovej kategórie 27
Pododdiel kódu predmetovej kategórie Kresťanstvo. Kresťanská cirkev všeobecne. Ekleziológia
Zdroj konspekt
072 #7 - KÓD PREDMETOVEJ KATEGÓRIE
Kód predmetovej kategórie 929
Pododdiel kódu predmetovej kategórie Biografie
Zdroj konspekt
080 ## - ČÍSLO MEDZINÁRODNÉHO DESATINNÉHO TRIEDENIA (MDT)
Číslo Medzinárodného desatinného triedenia (MDT) 929
Identifikátor vydania 2011
080 ## - ČÍSLO MEDZINÁRODNÉHO DESATINNÉHO TRIEDENIA (MDT)
Číslo Medzinárodného desatinného triedenia (MDT) (048.8)
Identifikátor vydania 2011
080 ## - ČÍSLO MEDZINÁRODNÉHO DESATINNÉHO TRIEDENIA (MDT)
Číslo Medzinárodného desatinného triedenia (MDT) 272-722.53
Identifikátor vydania 2011
080 ## - ČÍSLO MEDZINÁRODNÉHO DESATINNÉHO TRIEDENIA (MDT)
Číslo Medzinárodného desatinného triedenia (MDT) 27-722.53-774
Identifikátor vydania 2011
080 ## - ČÍSLO MEDZINÁRODNÉHO DESATINNÉHO TRIEDENIA (MDT)
Číslo Medzinárodného desatinného triedenia (MDT) 316.728
Identifikátor vydania 2011
080 ## - ČÍSLO MEDZINÁRODNÉHO DESATINNÉHO TRIEDENIA (MDT)
Číslo Medzinárodného desatinného triedenia (MDT) (437.6)
Identifikátor vydania 2011
100 1# - OSOBNÉ MENÁ – VŠEOBECNÉ INFORMÁCIE
Osobné meno Golian, Ján,
Dátumy súvisiace s menom 1986-
Kód roly aut
-- com
-- 2947
245 11 - NÁZOV
Názov (ne)obyčajný život farára
Údaj o zodpovednosti atď. Ján Golian, Rastislav Molda a kolektív
246 30 - INÁ FORMA NÁZVU
Hlavný názov/skrátený názov Obyčajný život farára
246 30 - INÁ FORMA NÁZVU
Hlavný názov/skrátený názov Neobyčajný život farára
264 #1 - VYDAVATEĽSKÉ ÚDAJE, DISTRIBÚCIA ATĎ. - RDA
Miesto publikovania, distribúcie atď. Banská Bystrica
Názov vydavateľa, distibútora atď. Society for Human Studies
Dátum publikovania, distribúcie atď. 2018
300 ## - FYZICKÝ POPIS
Rozsah 285 strán
Ďalšie fyzické detaily čiernobiele ilustrácie, portréty
Rozmery 23 cm
336 ## - TYP OBSAHU
Typ obsahu - termín text
Typ obsahu - kód txt
Zdroj rdacontent
337 ## - TYP MÉDIA
Typ média - termín bez média
Typ média - kód n
Zdroj rdamedia
338 ## - TYP NOSIČA
Typ nosiča - termín zväzok
Typ nosiča - kód nc
Zdroj rdacarrier
490 1# - EDÍCIA
Edícia (ne)známe príbehy
500 ## - VŠEOBECNÁ POZNÁMKA
Formátovaná poznámka o obsahu Na dokumente názov začína malým písmenom, začiatočné písmená názvu v hranatej zátvorke
500 ## - VŠEOBECNÁ POZNÁMKA
Formátovaná poznámka o obsahu Obsahuje biografické údaje o autoroch na strane 284-285
650 07 - PRIDANÝ VSTUP – PREDMET – TEMATICKÉ HESLO
Tematické heslo alebo geografický názov ako vstupný prvok katolícki kňazi
Zdroj hesla alebo termínu SNKPH
-- 2257
650 07 - PRIDANÝ VSTUP – PREDMET – TEMATICKÉ HESLO
Tematické heslo alebo geografický názov ako vstupný prvok farári
Zdroj hesla alebo termínu SNKPH
-- 2948
650 07 - PRIDANÝ VSTUP – PREDMET – TEMATICKÉ HESLO
Tematické heslo alebo geografický názov ako vstupný prvok každodenný život
Zdroj hesla alebo termínu SNKPH
-- 1933
650 07 - PRIDANÝ VSTUP – PREDMET – TEMATICKÉ HESLO
Tematické heslo alebo geografický názov ako vstupný prvok Catholic priests
Zdroj hesla alebo termínu SNKPHeng
-- 2259
650 07 - PRIDANÝ VSTUP – PREDMET – TEMATICKÉ HESLO
Tematické heslo alebo geografický názov ako vstupný prvok Parish priests
Zdroj hesla alebo termínu SNKPHeng
-- 2949
650 07 - PRIDANÝ VSTUP – PREDMET – TEMATICKÉ HESLO
Tematické heslo alebo geografický názov ako vstupný prvok Everyday life
Zdroj hesla alebo termínu SNKPHeng
-- 1935
651 #7 - PRIDANÝ VSTUP – PREDMET – GEOGRAFICKÝ NÁZOV
Geografický názov Slovensko
Zdroj hesla alebo termínu SNKPHgeo
-- 1613
651 #7 - PRIDANÝ VSTUP – PREDMET – GEOGRAFICKÝ NÁZOV
Geografický názov Slovakia
Zdroj hesla alebo termínu SNKPHeng
-- 1614
655 #7 - INDEXAČNÝ TERMÍN – ŽÁNER/FORMA
Údaje o žánri/forme alebo termín, ktorý je prvok fazety biografie
Zdroj termínu SNKPH
-- 1756
655 #7 - INDEXAČNÝ TERMÍN – ŽÁNER/FORMA
Údaje o žánri/forme alebo termín, ktorý je prvok fazety monografie
Zdroj termínu SNKPH
-- 1661
655 #7 - INDEXAČNÝ TERMÍN – ŽÁNER/FORMA
Údaje o žánri/forme alebo termín, ktorý je prvok fazety Biography
Zdroj termínu SNKPHeng
-- 1759
655 #7 - INDEXAČNÝ TERMÍN – ŽÁNER/FORMA
Údaje o žánri/forme alebo termín, ktorý je prvok fazety Monographs
Zdroj termínu SNKPHeng
-- 1662
700 1# - PRIDANÝ VSTUP – OSOBNÉ MENO
Osobné meno Molda, Rastislav,
Dátumy súvisiace s menom 1986-
Kód roly aut
-- com
-- 2950
700 1# - PRIDANÝ VSTUP – OSOBNÉ MENO
Osobné meno Adamčík, Tomáš,
Dátumy súvisiace s menom 1988-
Kód roly aut
-- 2951
700 1# - PRIDANÝ VSTUP – OSOBNÉ MENO
Osobné meno Borza, Peter,
Dátumy súvisiace s menom 1975-
Kód roly aut
-- 2952
700 1# - PRIDANÝ VSTUP – OSOBNÉ MENO
Osobné meno Horníková, Eliška,
Dátumy súvisiace s menom 1986-
Kód roly aut
-- 2953
700 1# - PRIDANÝ VSTUP – OSOBNÉ MENO
Osobné meno Lupčo, Martin,
Dátumy súvisiace s menom 1982-
Kód roly aut
-- 2954
700 1# - PRIDANÝ VSTUP – OSOBNÉ MENO
Osobné meno Mudroch, Michal,
Dátumy súvisiace s menom 1990-
Kód roly aut
-- 2955
700 1# - PRIDANÝ VSTUP – OSOBNÉ MENO
Osobné meno Neupauer, František,
Dátumy súvisiace s menom 1979-
Kód roly aut
-- 2956
700 1# - PRIDANÝ VSTUP – OSOBNÉ MENO
Osobné meno Zubko, Peter,
Dátumy súvisiace s menom 1972-
Kód roly aut
-- 2957
958 ## - Formálny deskriptor
Formálny deskriptor NB
958 ## - Formálny deskriptor
Formálny deskriptor NT
958 ## - Formálny deskriptor
Formálny deskriptor BX
Holdings
Stav stiahnutia (Blokovanie) (Withrawn status) Stav straty Zdroj klasifikácie pre skladovanie Stav poškodenia (Damaged status) Nie pre výpožičky (Not for loan) Spôsob nadobudnutia (Collection code) Trvalé umiestnenie Aktuálne umiestnenie Dátum nadobudnutia Náklady, bežná kúpna cena Inventárne číslo (prírastkové číslo) Celkom výpožičky Full call number Čiarový kód Dátum posledného výskytu Dátum poslednej výpôžičky Cena s účinnosťou od Typ jednotky Koha
          Kúpa Mestská knižnica Giraltovce Mestská knižnica Giraltovce 2019-11-29 13.00 21172 1 I1835 I1835 2023-12-11 2023-11-27 2022-04-27 Odborná literatúra pre dospelých

Powered by Koha